Представление документа в формате RUSMARC

ПолеНазваниеЗначение
  Тип записи c
  Библиографический уровень m
001 Контрольный номер RU/УОНБ/EK_N/683902421
005 Дата корректировки 20251120092931.8
010 Индекс ISBN __
9 Тираж 34530 экз.
013 Номер (ISMN) __
d Цена 1 р.
071 Издательские номер (звукозапись и ноты) 21
a Номер, присвоенный агентством 3632
100 Данные общей обработки __
a Данные общей обработки 20210902d1976 d y0rusy0189||||ca
101 Язык документа 0_
a Язык текста rus
f Язык титульного листа rus
102 Страна публикации __
a Страна публикации RU
105 Кодированные данные (монография) __
a Кодированные данные (монография) y###||||000|y
125 Кодированные данные звукозаписи и нотных изданий __
a Форма изложения нотного текста с|
128 Кодированные данные (звукозаписи-физические характеристики) __
a Кодированные данные: Музыкальная форма и тональность или лад zz
b Инструменты или голоса, необходимые для ансамблей (устаревшее) cd||
200 Заглавие и сведения об ответственности 1_
a Заглавие Вып. 2
e Сведения, относящиеся к заглавию 1-3 кл.
f Первые сведения об ответственности сост. Ан. Гаценко и И. Зикс
210 Выходные данные 1_
d Дата издания 1976
215 Физическое описание __
a Объем 80 с.
327 Примечание о содержании 11
a Примечание о содержании Содерж. : Праздник в школе. Мильман М. Песня первоклассника / сл. Н. Саконской. - Кабалевский Д. Звёздочка : песня октябрят / сл. В. Викторова ; Про вожатую / сл. О. Высотской. - Негго А. Звонкая песня / сл. А. Негго. - Слонов Ю. Праздник Октября / сл. О. Высотской. - Львов-Компанеец Д. Октябрьская полька / сл. З. Петровой. - Маленький барабанщик : нем. революц. песня / рус. текст М. Светлова. - Филиппенко А. Новогодняя / сл. Г. Бойко ; Наша Родина сильна / сл. Т. Волгиной. - Иорданский М. Шла по нашей улице Варюшка / сл. А. Пришельца. - Костенко В. Ой, летят, летят снежинки / сл. Г. Бойко. - Соловьёв-Седой В. Ёлка / сл. Н. Глейзарова ; Песня нахимовцев / сл. С. Фогельсона. - Попатенко Т. Новогодняя полька / сл. Г. Ладонщикова. - Слонов Ю. Наша мама / сл. О. Высотской. - Витлин В. В апреле / сл. Л. Барбас. - Островский А. Все мы любим Ленина / сл. З. Петровой. - Левина З. Сибирская ёлочка / сл. Л. Некрасовой. - Аедоницкий П. Первомайская / сл. Г. Мамлина. - Фрид Г. Солнечный май / сл. Н. Найдёновой. - Александров Ан. Нас много на шаре земном / сл. Т. Лихоталь. - Танцы. Вальдтейфель Э. Конькобежцы : вальс. - Филиппенко А. Танец снежинок. - Красев М. Хоровод вокруг ёлки. - Брамс Й. Венгерский танец № 5. - Лехтинен Р. Летка-енка : фин. танец. - Островский А. Школьная полька. - Барыня : рус. плясовая ; Гопак-коло : укр. нар. танец ; Янка : белорус. полька ; Кепурине : литов. нар. танец / обраб. Ан. Гаценко. - Циран-циран : арм. нар. танец. - В пионерском лагере. Волков В. Если очень постараться : шуточ. песенка / сл. С. Баруздина. - Дунаевский И. До чего же хорошо кругом / сл. Л. Некрасовой. - Пахмутова А. Путевая пионерская / сл. Н. Найдёновой. - Чичков Ю. Из чего же, из чего же... / сл. Я. Халецкого. - Туликов С. У весёлого костра / сл. Г. Ходосова. - Филиппенко А. Весёлый музыкант ; В городах и сёлах детвора растёт / сл. Т. Волгиной. - Полонский С. Прощайте, лагеря! / сл. О. Бедарева. - Детские песни народов мира. Дюпюи А. Песня больших дорог : фр. песня / сл. А. Дюпюи. - Муравей, шмель и птица : нем. нар. песня / рус. текст Ю. Объедова. - Любопытный дрозд : пол. нар. песня. - Весёлый мельник : амер. нар. песня / рус. текст Е. Филиц. - Волшебный смычок : норв. нар. песня / рус. текст Ю. Объедова. - Тарантелла : итал. нар. песня / рус. текст Ю. Объедова. - Танцы и музыка для зарядки. Сорокин В. Марш-парад. - Феркельман М. Русский танец. - Глинка М. Галоп. - Чулаки М. Весёлая прогулка. - Чайковский П. Красная шапочка и волк : отрывок из балета "Спящая красавица". - Слонов Ю. Вальс. - Пуни Ц. Марш : из балета "Конёк-Горбунок".
461 Уровень набора _0
1 001RU/УОНБ/EK_N/683901462
1 200
a Пение в школе
b Ноты
e в сопровожд. баяна или аккордеона
e пособие для учителя
v Вып. 2
1 210
a М.
c Советский композитор
d 1974 -
464 Аналитический уровень _0
1 2001
a Песня первоклассника
e Поступил я осенью...
1 700 1
a Мильман
b М.
1 702 1
a Саконская
b Н.
4 520
464 Аналитический уровень _0
1 2001
a Звёздочка
e Вчера мы вступили...
e песня октябрят
1 700 1
a Кабалевский
b Д.
1 702 1
a Викторов
b В.
4 520
464 Аналитический уровень _0
1 2001
a Звонкая песня
e Звонкая песня уносится ввысь...
1 700 1
a Негго
b А.
1 702 1
a Негго
b А.
4 520
464 Аналитический уровень _0
1 2001
a Праздник Октября
e На парад, на парад все спешат с утра...
1 700 1
a Слонов
b Ю.
1 702 1
a Высотская
b О.
4 520
464 Аналитический уровень _0
1 2001
a Октябрьская полька
e Хорошо весёлой песне...
1 700 1
a Львов-Компанеец
b Д.
1 702 1
a Петрова
b З.
4 520
464 Аналитический уровень _0
1 2001
a Маленький барабанщик
e Мы шли под грохот канонады...
e нем. революц. песня
1 702 1
a Светлов
b М.
4 520
464 Аналитический уровень _0
1 2001
a Новогодняя
e С Новым годом всех мы поздравляем...
1 700 1
a Филиппенко
b А.
1 702 1
a Бойко
b Г.
4 520
464 Аналитический уровень _0
1 2001
a Шла по нашей улице Варюшка
e Шла по нашей улице Варюшка...
1 700 1
a Иорданский
b М.
1 702 1
a Пришелец
b А.
4 520
464 Аналитический уровень _0
1 2001
a Ой, летят, летят снежинки
e Ой, летят, летят снежинки...
1 700 1
a Костенко
b В.
1 702 1
a Бойко
b Г.
4 520
464 Аналитический уровень _0
1 2001
a Ёлка
e От края до края звени...
1 700 1
a Соловьёв-Седой
b В.
1 702 1
a Глейзаров
b Н.
4 520
464 Аналитический уровень _0
1 2001
a Новогодняя полька
e Наша ёлка зелена...
1 700 1
a Попатенко
b Т.
1 702 1
a Ладонщиков
b Г.
4 520
464 Аналитический уровень _0
1 2001
a Наша мама
e Мы с мамою нашей большие друзья...
1 700 1
a Слонов
b Ю.
1 702 1
a Высотская
b О.
4 520
464 Аналитический уровень _0
1 2001
a В апреле
e Сугробы растаяли...
1 700 1
a Витлин
b В.
1 702 1
a Барбас
b Л.
4 520
464 Аналитический уровень _0
1 2001
a Все мы любим Ленина
e Буквами большими...
1 700 1
a Островский
b А.
1 702 1
a Петрова
b З.
4 520
464 Аналитический уровень _0
1 2001
a Сибирская ёлочка
e Эту ёлочку когда-то...
1 700 1
a Левина
b З.
1 702 1
a Некрасова
b Л.
4 520
464 Аналитический уровень _0
1 2001
a Первомайская
e Есть на флаге у нас...
1 700 1
a Аедоницкий
b П.
1 702 1
a Мамлин
b Г.
4 520
464 Аналитический уровень _0
1 2001
a Солнечный май
e Праздник идёт...
1 700 1
a Фрид
b Г.
1 702 1
a Найдёнова
b Н.
4 520
464 Аналитический уровень _0
1 2001
a Нас много на шаре земном
e Пусть ветры песню эту...
1 700 1
a Александров
b Ан.
1 702 1
a Лихоталь
b Т.
4 520
464 Аналитический уровень _0
1 2001
a Конькобежцы
e вальс
1 700 1
a Вальдтейфель
b Э.
464 Аналитический уровень _0
1 2001
a Танец снежинок
1 700 1
a Филиппенко
b А.
464 Аналитический уровень _0
1 2001
a Хоровод вокруг ёлки
1 700 1
a Красев
b М.
464 Аналитический уровень _0
1 2001
a Венгерский танец № 5
1 700 1
a Брамс
b Й.
464 Аналитический уровень _0
1 2001
a Летка-енка
e фин. танец
1 700 1
a Лехтинен
b Р.
464 Аналитический уровень _0
1 2001
a Школьная полька
1 700 1
a Островский
b А.
464 Аналитический уровень _0
1 2001
a Барыня
e рус. плясовая
1 702 1
a Гаценко
b Ан.
4 030
464 Аналитический уровень _0
1 2001
a Циран-циран
e арм. нар. танец
464 Аналитический уровень _0
1 2001
a Если очень постараться
e Если очень постараться...
e шуточ. песенка
1 700 1
a Волков
b В.
1 702 1
a Баруздин
b С.
4 520
464 Аналитический уровень _0
1 2001
a До чего же хорошо кругом
e До чего же хорошо кругом...
1 700 1
a Дунаевский
b И.
1 702 1
a Некрасова
b Л.
4 520
464 Аналитический уровень _0
1 2001
a Путевая пионерская
e Хорошая погода...
1 700 1
a Пахмутова
b А.
1 702 1
a Найдёнова
b Н.
4 520
464 Аналитический уровень _0
1 2001
a Из чего же, из чего же...
e Из чего же, из чего же...
1 700 1
a Чичков
b Ю.
1 702 1
a Халецкий
b Я.
4 520
464 Аналитический уровень _0
1 2001
a У весёлого костра
e Под широким небом...
1 700 1
a Туликов
b С.
1 702 1
a Ходосов
b Г.
4 520
464 Аналитический уровень _0
1 2001
a Весёлый музыкант
e Я на скрипочке играю...
1 700 1
a Филиппенко
b А.
1 702 1
a Волгина
b Т.
4 520
464 Аналитический уровень _0
1 2001
a Прощайте, лагеря!
e Зелёная аллейка...
1 700 1
a Полонский
b С.
1 702 1
a Бедарев
b О.
4 520
464 Аналитический уровень _0
1 2001
a Песня больших дорог
e В летний путь мы спешим...
e фр. песня
1 700 1
a Дюпюи
b А.
1 702 1
a Дюпюи
b А.
4 520
464 Аналитический уровень _0
1 2001
a Муравей, шмель и птица
e Муравей весь деь-деньской...
e нем. нар. песня
1 702 1
a Объедов
b Ю.
4 730
464 Аналитический уровень _0
1 2001
a Любопытный дрозд
e пол. нар. песня
464 Аналитический уровень _0
1 2001
a Весёлый мельник
e Над шумной, быстрою рекой...
e амер. нар. песня
1 702 1
a Филиц
b Е.
4 730
464 Аналитический уровень _0
1 2001
a Волшебный смычок
e Пришёл к нам в село...
e норв. нар. песня
1 702 1
a Объедов
b Ю.
4 730
464 Аналитический уровень _0
1 2001
a Тарантелла
e Мандолины зазвенели...
e итал. нар. песня
1 702 1
a Объедов
b Ю.
4 730
464 Аналитический уровень _0
1 2001
a Марш-парад
1 700 1
a Сорокин
b В.
464 Аналитический уровень _0
1 2001
a Русский танец
1 700 1
a Феркельман
b М.
464 Аналитический уровень _0
1 2001
a Галоп
1 700 1
a Глинка
b М.
464 Аналитический уровень _0
1 2001
a Весёлая прогулка
1 700 1
a Чулаки
b М.
464 Аналитический уровень _0
1 2001
a Красная шапочка и волк
e отрывок из балета "Спящая красавица"
1 700 1
a Чайковский
b П.
1 50010
a Спящая красавица
464 Аналитический уровень _0
1 2001
a Вальс
1 700 1
a Слонов
b Ю.
464 Аналитический уровень _0
1 2001
a Марш
e из балета "Конёк-Горбунок"
1 700 1
a Пуни
b Ц.
1 50010
a Конёк-Горбунок
464 Аналитический уровень _0
1 2001
a Про вожатую
e В поле рожь богатая...
1 700 1
a Кабалевский
b Д.
1 702 1
a Высотская
b О.
4 520
464 Аналитический уровень _0
1 2001
a Наша Родина сильна
e Есть у нас танкисты...
1 700 1
a Филиппенко
b А.
1 702 1
a Волгина
b Т.
4 520
464 Аналитический уровень _0
1 2001
a Песня нахимовцев
e Пускай бушует вал...
1 700 1
a Соловьёв-Седой
b В.
1 702 1
a Фогельсон
b С.
4 520
464 Аналитический уровень _0
1 2001
a Гопак-коло
e укр. нар. танец
1 702 1
a Гаценко
b Ан.
4 030
464 Аналитический уровень _0
1 2001
a Янка
e белорус. полька
1 702 1
a Гаценко
b Ан.
4 030
464 Аналитический уровень _0
1 2001
a Кепурине
e литов. нар. танец
1 702 1
a Гаценко
b Ан.
4 030
464 Аналитический уровень _0
1 2001
a В городах и сёлах детвора растёт
e В городах и сёлах детвора растёт...
1 700 1
a Филиппенко
b А.
1 702 1
a Волгина
b Т.
4 520
512 Заглавие обложки 1_
a Заглавие обложки Пение в школе
606 Тематические рубрики 0_
a Основная рубрика Песни детские
x Основная подрубрика Учебные пособия
610 Ключевые слова 0_
a Ключевые слова песни детские
610 Ключевые слова 0_
a Ключевые слова учебные пособия
686 Индексы других классификаций __
a Классификационный индекс 85.98я71
2 Код системы rubbk
702 Вторичная интеллектуальная ответственность _1
a Фамилия Гаценко
b Имя (инициалы) Ан.
4 Код отношения 220
702 Вторичная интеллектуальная ответственность _1
a Фамилия Зикс
b Имя (инициалы) И.
4 Код отношения 220
801 Источник записи _0
a Страна RU
b Организация Ульяновская ОНБ
c Дата составления 20210902
g Правила каталогизации RCR
801 Источник записи _1
a Страна RU
b Организация Ульяновская ОНБ
c Дата составления 20210902
g Правила каталогизации RCR
901 Тип документа __
t Тип документа n
w Контрольный № источника RU/УОНБ/EK_N/683901462
909 Создатель записи __
a Создатель записи Лобина Л. И.
910 Корректоры записи __
a Корректор записи Васина
938 Служебная информация __
a Имя БД noti
b Имя библиотеки УОНБ
c Имя АИБС МАРК-SQL
d Номер DOC_ID в БД 24491